Statistics for Pakistan International Airlines-Peshawar

Click here to take the quiz!

General Stats

  • This quiz has been taken 8 times
  • The average score is 7 of 10

Answer Stats

Country Airport % Correct
OmanMuscat
86%
PakistanKarachi
86%
QatarDoha
86%
Saudi ArabiaRiyadh
86%
UAEAbu Dhabi
86%
UAEDubai
86%
Saudi ArabiaJeddah
71%
UAESharjah
57%
PakistanChitral
29%
UAEAl Ain
14%

Score Distribution

Percentile by Number Answered

Percent of People with Each Score

Your Score History

You have not taken this quiz